Score 0/20 Timer 04:00
0 Plays Today
% Correct
Cheetos
Cheetah
92.5%
Geico
Gecko
91.8%
Froot Loops
Toucan
90.4%
Frosted Flakes
Tiger
90.1%
Energizer
Bunny
89.3%
Hooters
Owl
89%
Honey Nut Cheerios
Bee
87.5%
Lacoste
Crocodile
86.2%
Toys 'R' Us
Giraffe
83.6%
World Wildlife Fund
Panda
83%
% Correct
NBC
Peacock
82.8%
Walt Disney Co.
Mouse
82.8%
Swarovski
Swan
76.9%
Qantas
Kangaroo
76.5%
Vlasic
Stork
72.9%
Bacardí
Bat
70.2%
Abercrombie & Fitch
Moose
68%
Lamborghini
Bull
66.6%
Animal Planet
Elephant
64.7%
Linux
Penguin
62.7%
Remove Ads.
Support Sporcle.
Get the best of Sporcle when you Go Orange. This ad-free experience offers more features, more stats, and more fun while also helping to support Sporcle. Thank you for becoming a member.

You're not logged in!

Compare scores with friends on all Sporcle quizzes.
OR
Log In

Show Comments

Extras

Top Quizzes Today


Score Distribution

Your Account Isn't Verified!

In order to create a playlist on Sporcle, you need to verify the email address you used during registration. Go to your Sporcle Settings to finish the process.

Report this User

Report this user for behavior that violates our Community Guidelines.

Details: